[Event "Balaguer op"]
[Site "?"]
[Date "2012.06.22"]
[Round "7"]
[White "Burmakin, V."]
[Black "Cori Tello, D."]
[Result "1-0"]
[WhiteElo "2590"]
[BlackElo "2386"]
[PlyCount "157"]
[EventDate "2012.??.??"]
[EventType "swiss"]
[EventRounds "9"]

1. Nf3 Nf6 2. c4 g6 3. g3 Bg7 4. Bg2 d6 5. d4 O-O 6. O-O Nbd7 7. Nc3 e5 8. h3
a6 9. b3 Re8 10. Bb2 c6 11. dxe5 dxe5 12. Qc2 e4 13. Ng5 e3 14. f4 Nc5 15. Rad1
Qa5 16. g4 h6 17. Nf3 Ne6 18. Ne5 g5 19. fxg5 Nxg5 20. Nf3 Nxh3+ 21. Bxh3 Bxg4
22. Bg2 Bf5 23. Rd5 Bxc2 24. Rxa5 Ng4 25. Na4 Bxb2 26. Nxb2 Rad8 27. c5 Kh8 28.
Ra4 Be4 29. Nd1 f5 30. Nc3 Nf2 31. Nxe4 fxe4 32. Nd4 Rg8 33. Nf5 Rd2 34. Nxe3
Nh3+ 35. Kh2 Rxe2 36. Rxe4 Nf2 37. Rh4 Rg6 38. Kg1 Nd3 39. Rg4 Rxg4 40. Nxg4 h5
41. Nf6 Rxa2 42. Rf5 Kg7 43. Nxh5+ Kh6 44. Nf4 Nc1 45. Rf6+ Kg5 46. Rf7 Nxb3
47. Ne6+ Kg6 48. Rxb7 Nc1 49. Bxc6 Ne2+ 50. Kf1 Ng3+ 51. Ke1 Re2+ 52. Kd1 Rxe6
53. Bd7 Re5 54. c6 Rd5+ 55. Ke1 Re5+ 56. Kd2 Ne4+ 57. Kd3 Nd6 58. Rb6 Rd5+ 59.
Ke2 Rc5 60. c7 Rxc7 61. Rxd6+ Kg5 62. Ke3 Rc3+ 63. Ke4 Ra3 64. Be8 Ra1 65. Rg6+
Kh4 66. Bc6 Kh5 67. Rg8 Kh6 68. Bd7 Rb1 69. Bf5 a5 70. Ke5 Rb6 71. Be6 Kh7 72.
Rg2 Kh6 73. Kf6 Rb5 74. Rg8 Rb7 75. Rg5 a4 76. Rg4 Kh5 77. Rxa4 Rb6 78. Ra8 Kh4
79. Ra3 1-0

[Event "Balaguer op"]
[Site "?"]
[Date "2012.06.22"]
[Round "7"]
[White "Codina Garcia, J."]
[Black "Ramon Perez, JL."]
[Result "1/2-1/2"]
[WhiteElo "2124"]
[BlackElo "2249"]
[PlyCount "116"]
[EventDate "2012.??.??"]
[EventType "swiss"]
[EventRounds "9"]

1. d4 Nf6 2. Nf3 c5 3. d5 g6 4. c4 b5 5. Qc2 bxc4 6. e4 Ba6 7. Bxc4 Bxc4 8.
Qxc4 d6 9. Nc3 Nbd7 10. O-O Bg7 11. Bf4 O-O 12. Rad1 Rb8 13. Bc1 Qa5 14. Qe2
Ne8 15. Qc2 Nc7 16. Bd2 Rfc8 17. Rb1 Ne5 18. Nxe5 Bxe5 19. Rfe1 Nb5 20. Nxb5
Qxb5 21. b3 a5 22. Rec1 Rc7 23. Qc4 Qb6 24. b4 axb4 25. Rxb4 Qa7 26. Ra4 Qb7
27. Rb4 Qc8 28. Rb3 Rcb7 29. Rcb1 Rxb3 30. Rxb3 Rxb3 31. axb3 Qa8 32. Qa4 Qb8
33. h3 h5 34. Kf1 Kg7 35. Ke2 Qb7 36. Kd3 e6 37. dxe6 fxe6 38. f3 d5 39. Kc2
Kh7 40. exd5 exd5 41. Qe8 Bg7 42. Qe6 c4 43. bxc4 Qb2+ 44. Kd1 Qb3+ 45. Ke1
dxc4 46. f4 Qg3+ 47. Kd1 Qxg2 48. Qxc4 Qxh3 49. Qf7 Qf3+ 50. Ke1 h4 51. Qe7
Qg3+ 52. Kf1 h3 53. Qg5 Qd3+ 54. Ke1 Qe4+ 55. Kf1 Bh6 56. Qg3 Qh1+ 57. Kf2 h2
58. Be3 Qg1+ 1/2-1/2

[Event "Balaguer op"]
[Site "?"]
[Date "2012.06.22"]
[Round "7"]
[White "Cori Tello, J."]
[Black "Ivanov, Jo"]
[Result "0-1"]
[WhiteElo "2479"]
[BlackElo "2367"]
[PlyCount "54"]
[EventDate "2012.??.??"]
[EventType "swiss"]
[EventRounds "9"]

1. d4 d5 2. c4 dxc4 3. e3 Nf6 4. Nf3 e6 5. Bxc4 c5 6. O-O a6 7. a4 Nc6 8. Qe2
cxd4 9. Rd1 Be7 10. exd4 O-O 11. Nc3 Nd5 12. Ne4 Bd7 13. Bd3 Rc8 14. Bb1 Re8
15. Neg5 g6 16. h4 Bf6 17. Ne4 Be7 18. h5 f5 19. Nc3 Bf6 20. Ne5 Nce7 21. Nxd5
exd5 22. f4 Kg7 23. Ra3 Nc6 24. hxg6 hxg6 25. Rg3 Nxe5 26. dxe5 Bh4 27. Ra3 Be7
0-1

[Event "Balaguer op"]
[Site "?"]
[Date "2012.06.22"]
[Round "7"]
[White "Del Rey Santos, D."]
[Black "Quintas Galeano, L."]
[Result "1-0"]
[WhiteElo "2391"]
[BlackElo "2148"]
[PlyCount "69"]
[EventDate "2012.??.??"]
[EventType "swiss"]
[EventRounds "9"]

1. d4 e6 2. c4 Nf6 3. Nf3 b6 4. Bf4 Bb7 5. e3 d5 6. Nc3 Bd6 7. Bg5 a6 8. Qb3
Nbd7 9. cxd5 exd5 10. Be2 O-O 11. O-O Re8 12. Rfd1 h6 13. Bh4 Re6 14. Rac1 Qe8
15. a4 g5 16. Bg3 Bxg3 17. hxg3 Rxe3 18. Bd3 Re7 19. Bf5 Qf8 20. a5 b5 21. Bxd7
Rxd7 22. Ne5 Re7 23. Nd3 Rae8 24. Nc5 c6 25. Na2 Bc8 26. Nb4 Re2 27. Ncd3 Bf5
28. Rxc6 R8e6 29. Rxe6 fxe6 30. Nc1 Rxf2 31. Kxf2 Ne4+ 32. Kg1 Bg4 33. Rf1 Qd6
34. Nc2 Nd2 35. Qb4 1-0

[Event "Balaguer op"]
[Site "?"]
[Date "2012.06.22"]
[Round "7"]
[White "Fabrega Ramon, S."]
[Black "Vidal Rosell, J."]
[Result "1-0"]
[WhiteElo "1763"]
[BlackElo "1872"]
[PlyCount "62"]
[EventDate "2012.??.??"]
[EventType "swiss"]
[EventRounds "9"]

1. c4 e5 2. Nc3 f5 3. d3 Nf6 4. g3 Be7 5. Bg2 c6 6. e4 d6 7. Nge2 O-O 8. O-O
Be6 9. b3 Nbd7 10. Be3 Ng4 11. Bc1 fxe4 12. dxe4 Qb6 13. Na4 Qc7 14. h3 Ngf6
15. Be3 Rfd8 16. Qc2 a6 17. f4 b5 18. cxb5 axb5 19. Nb2 Qc8 20. g4 d5 21. fxe5
Nxe5 22. Nf4 Bf7 23. exd5 cxd5 24. Qxc8 Raxc8 25. Rfd1 Ne4 26. Nxd5 Ba3 27.
Bxe4 Bxb2 28. Ne7+ Kh8 29. Rxd8+ Rxd8 30. Rb1 Ba3 31. Nf5 Kg8 1-0

[Event "Balaguer op"]
[Site "?"]
[Date "2012.06.22"]
[Round "7"]
[White "Fernandez Cardoso, A."]
[Black "Aroshidze, L."]
[Result "0-1"]
[WhiteElo "2427"]
[BlackElo "2580"]
[PlyCount "72"]
[EventDate "2012.??.??"]
[EventType "swiss"]
[EventRounds "9"]

1. e4 c5 2. Nf3 e6 3. d4 cxd4 4. Nxd4 a6 5. Nc3 Qc7 6. Bd3 Nf6 7. f4 d6 8. O-O
Be7 9. Kh1 Nbd7 10. Qe2 O-O 11. Bd2 b6 12. b4 Bb7 13. a4 g6 14. f5 gxf5 15.
exf5 e5 16. Ne6 fxe6 17. fxe6 e4 18. exd7 d5 19. Nxe4 dxe4 20. Bc4+ Kh8 21. Bc3
Qxd7 22. Bb3 Rad8 23. Qe3 Qc7 24. Rf5 Rd3 25. cxd3 Qxc3 26. Rb1 Qxd3 27. Qxd3
exd3 28. Rc1 Be4 29. Rff1 Bxb4 30. Rc7 d2 31. Bd1 Nd5 32. Rxf8+ Bxf8 33. Rf7
Bb4 34. Rd7 Ne3 35. Bh5 Bc2 36. Rb7 Ba5 0-1

[Event "Balaguer op"]
[Site "?"]
[Date "2012.06.22"]
[Round "7"]
[White "Ferrer Font, J."]
[Black "Casas Torres, P."]
[Result "0-1"]
[WhiteElo "1804"]
[BlackElo "1611"]
[PlyCount "62"]
[EventDate "2012.??.??"]
[EventType "swiss"]
[EventRounds "9"]

1. e4 e5 2. Nf3 Nc6 3. Bc4 Nf6 4. d3 Bc5 5. c3 O-O 6. Bb3 d6 7. O-O a6 8. Nbd2
Ba7 9. h3 h6 10. Re1 Be6 11. Bc2 Nh7 12. Nf1 Qf6 13. Be3 Ng5 14. Nxg5 Bxe3 15.
Nxe3 Qxg5 16. Qf3 Ne7 17. d4 Ng6 18. Nf5 Nf4 19. Rad1 Kh7 20. Qg3 Qf6 21. Qh4
Bxf5 22. Qxf6 gxf6 23. exf5 Rg8 24. Be4 d5 25. Bc2 Rxg2+ 26. Kh1 e4 27. Rf1
Rag8 28. c4 Nxh3 29. Rd2 e3 30. Re2 exf2 31. Re3 Rg1+ 0-1

[Event "Balaguer op"]
[Site "?"]
[Date "2012.06.22"]
[Round "7"]
[White "Foix Martinez, J."]
[Black "Sole Pijuan, F."]
[Result "0-1"]
[WhiteElo "1671"]
[BlackElo "1539"]
[PlyCount "70"]
[EventDate "2012.??.??"]
[EventType "swiss"]
[EventRounds "9"]

1. e4 e5 2. Nf3 Nc6 3. Nc3 Nf6 4. Bb5 d6 5. h3 a6 6. Bxc6+ bxc6 7. d4 exd4 8.
Nxd4 Bb7 9. Bg5 h6 10. Bxf6 Qxf6 11. Nf5 d5 12. Ng3 Bc5 13. O-O d4 14. e5 Qd8
15. Nce4 Bb6 16. c4 c5 17. Qa4+ Qd7 18. Qc2 O-O 19. Qd3 Rfe8 20. Nh5 Bxe4 21.
Qxe4 Qe6 22. Rfe1 f6 23. Qg6 Re7 24. exf6 Qf7 25. Rxe7 Qxg6 26. Rxg7+ Qxg7 27.
fxg7 Ba5 28. f4 d3 29. f5 d2 30. f6 Re8 31. Rf1 Kf7 32. Nf4 Re1 33. g8=Q+ Kxg8
34. f7+ Kxf7 35. Nd3+ Rxf1+ 0-1

[Event "Balaguer op"]
[Site "?"]
[Date "2012.06.22"]
[Round "7"]
[White "Fumas Fontova, E."]
[Black "Pera Lucas, E."]
[Result "0-1"]
[WhiteElo "1707"]
[BlackElo "1984"]
[PlyCount "70"]
[EventDate "2012.??.??"]
[EventType "swiss"]
[EventRounds "9"]

1. e4 e5 2. Nf3 Nf6 3. d4 exd4 4. Nxd4 Bc5 5. Be3 Bb6 6. Bc4 Nc6 7. Nxc6 bxc6
8. Bxb6 axb6 9. e5 d5 10. Qe2 O-O 11. Bd3 Re8 12. O-O Ng4 13. f4 f6 14. h3 Nh6
15. Qh5 fxe5 16. fxe5 Qe7 17. Re1 Ra4 18. g4 Rf4 19. Nd2 Ref8 20. Re2 Be6 21.
g5 Bf7 22. g6 hxg6 23. Bxg6 Bxg6 24. Qxg6 Nf5 25. Qxc6 Qh4 26. Qxd5+ Kh8 27.
Rf1 Ng3 28. Ref2 Nxf1 29. Rxf1 Qg3+ 30. Qg2 Qe3+ 31. Kh1 Rxf1+ 32. Nxf1 Qxe5
33. Nd2 Qe1+ 34. Qg1 Qxd2 35. h4 Re8 0-1

[Event "Balaguer op"]
[Site "?"]
[Date "2012.06.22"]
[Round "7"]
[White "Guerra Mendez, JA."]
[Black "Sanikidze, T."]
[Result "1/2-1/2"]
[WhiteElo "2428"]
[BlackElo "2596"]
[PlyCount "22"]
[EventDate "2012.??.??"]
[EventType "swiss"]
[EventRounds "9"]

1. e4 c5 2. Nf3 e6 3. d4 cxd4 4. Nxd4 a6 5. c4 Nf6 6. Nc3 Qc7 7. a3 Nc6 8. Be3
Bd6 9. Qd2 Nxd4 10. Bxd4 Bf4 11. Be3 Bxe3 1/2-1/2

[Event "Balaguer op"]
[Site "?"]
[Date "2012.06.22"]
[Round "7"]
[White "Janev, E."]
[Black "Kovacevic, S."]
[Result "0-1"]
[WhiteElo "2453"]
[BlackElo "2310"]
[PlyCount "112"]
[EventDate "2012.??.??"]
[EventType "swiss"]
[EventRounds "9"]

1. e4 c5 2. Nf3 e6 3. c3 Nc6 4. g3 d5 5. exd5 exd5 6. d4 Nf6 7. Bg2 Qe7+ 8. Be3
Ng4 9. O-O Nxe3 10. fxe3 Qxe3+ 11. Kh1 Be6 12. Qb3 O-O-O 13. Na3 c4 14. Qa4 a6
15. Rae1 Qh6 16. b3 Bd6 17. Ne5 Nxe5 18. dxe5 Bxa3 19. Qxa3 cxb3 20. axb3 Rd7
21. b4 Qd2 22. b5 Qd3 23. Qc5+ Kd8 24. bxa6 Qxa6 25. Ra1 Rc7 26. Qe3 Qc6 27.
Qg5+ Ke8 28. c4 Rc8 29. Rfc1 h6 30. Qxg7 Kd7 31. Qf6 Qc5 32. Qf4 dxc4 33. Bxb7
Rb8 34. Be4 Kc7 35. Rc2 Rhd8 36. Rca2 c3 37. Ra7+ Kc8 38. Qf3 Rd7 39. Rxd7 Kxd7
40. Rd1+ Kc7 41. Rc1 Rb3 42. Qd3 Qxe5 43. Rd1 Rb8 44. Rc1 Rb3 45. Ra1 Qc5 46.
Ra8 Rb8 47. Ra1 Rb4 48. Bg2 c2 49. Rc1 Bf5 50. Qa3 Rb5 51. Qa2 Bg6 52. Qa4 Rb1
53. Qf4+ Qd6 54. Qc4+ Kd8 55. Qh4+ Ke8 56. Qa4+ Kf8 0-1

[Event "Balaguer op"]
[Site "?"]
[Date "2012.06.22"]
[Round "7"]
[White "Martinez Duany, LS."]
[Black "Purgimon Diaz, J."]
[Result "1-0"]
[WhiteElo "2474"]
[BlackElo "1982"]
[PlyCount "53"]
[EventDate "2012.??.??"]
[EventType "swiss"]
[EventRounds "9"]

1. e4 c5 2. Nf3 e6 3. d3 Nc6 4. g3 g6 5. Bg2 Bg7 6. O-O Nge7 7. Re1 d6 8. c3
O-O 9. Na3 b6 10. d4 cxd4 11. cxd4 Bb7 12. Nb5 a6 13. Nc3 Rc8 14. a3 Qd7 15.
Bf4 b5 16. h4 Na5 17. Qe2 d5 18. e5 h5 19. Rad1 Nc4 20. Nb1 Rc7 21. g4 hxg4 22.
Nh2 g3 23. fxg3 Rcc8 24. g4 f5 25. exf6 Bxf6 26. b3 Nb6 27. Qxe6+ 1-0

[Event "Balaguer op"]
[Site "?"]
[Date "2012.06.22"]
[Round "7"]
[White "Mellado Triviño, J."]
[Black "Martinez Lopez, I."]
[Result "1-0"]
[WhiteElo "2444"]
[BlackElo "2302"]
[PlyCount "97"]
[EventDate "2012.??.??"]
[EventType "swiss"]
[EventRounds "9"]

1. e4 d5 2. exd5 Qxd5 3. Nf3 Bg4 4. Be2 Nc6 5. d4 O-O-O 6. c4 Qf5 7. Be3 Nf6 8.
Nc3 e5 9. d5 e4 10. Nd4 Nxd4 11. Bxd4 Bxe2 12. Qxe2 Bb4 13. O-O Bxc3 14. bxc3
Qh5 15. Qxh5 Nxh5 16. f3 e3 17. Rfe1 Rhe8 18. Bxe3 b6 19. a4 Nf6 20. a5 Nd7 21.
axb6 axb6 22. Bd4 f6 23. Kf2 Kb7 24. f4 c5 25. dxc6+ Kxc6 26. Kf3 Rxe1 27. Rxe1
Nc5 28. f5 Rd7 29. g4 Nd3 30. Re6+ Rd6 31. Re7 Rd7 32. Rxd7 Kxd7 33. Ke4 Nb2
34. Kd5 Nd1 35. h4 h6 36. h5 Ke7 37. c5 bxc5 38. Bxc5+ Kd7 39. Bd4 Nb2 40. g5
fxg5 41. Bxg7 Ke7 42. c4 Nd3 43. Be5 g4 44. Bg3 Kf6 45. Ke4 Nb2 46. Bh4+ Kf7
47. c5 Nc4 48. c6 Nd6+ 49. Kf4 1-0

[Event "Balaguer op"]
[Site "?"]
[Date "2012.06.22"]
[Round "7"]
[White "Montoliu Daroca, I."]
[Black "Sole Gonzalez, E."]
[Result "1-0"]
[WhiteElo "1803"]
[BlackElo "1539"]
[PlyCount "115"]
[EventDate "2012.??.??"]
[EventType "swiss"]
[EventRounds "9"]

1. c4 e5 2. Nc3 d6 3. g3 g6 4. Bg2 Bg7 5. e3 Nc6 6. Nge2 f5 7. O-O Nf6 8. d4
O-O 9. a3 Qe7 10. b4 Nd8 11. Bb2 c6 12. Rc1 Nf7 13. d5 Bd7 14. Qd2 Rfd8 15.
Rfd1 Rac8 16. h3 Rc7 17. dxc6 Bxc6 18. Nd5 Bxd5 19. Bxd5 Nxd5 20. Qxd5 Re8 21.
Nc3 a6 22. Na4 Qd7 23. Nb6 Qc6 24. Qxc6 Rxc6 25. Nd5 Kf8 26. Rd2 Rec8 27. Rdc2
Nd8 28. f4 Kf7 29. fxe5 Bxe5 30. Bxe5 dxe5 31. c5 Ne6 32. Rd1 a5 33. Rcd2 Rd8
34. Nc3 Rxd2 35. Rxd2 axb4 36. axb4 Rc7 37. Rd6 Nf8 38. Nb5 Rc6 39. Rxc6 bxc6
40. Na7 Ke6 41. Nxc6 Kd5 42. Ne7+ Kc4 43. c6 Ne6 44. Kf2 Kxb4 45. Nd5+ Kc5 46.
c7 Nxc7 47. Nxc7 Kc6 48. Ne6 h6 49. e4 fxe4 50. Ke3 Kd5 51. Nf8 g5 52. g4 Kd6
53. Kxe4 Ke7 54. Ng6+ Kf6 55. Nxe5 Kg7 56. Kf5 Kh8 57. Kg6 Kg8 58. Kxh6 1-0

[Event "Balaguer op"]
[Site "?"]
[Date "2012.06.22"]
[Round "7"]
[White "Parramon Guillaumet, J."]
[Black "Gutierrez Martos, FE."]
[Result "0-1"]
[WhiteElo "1873"]
[BlackElo "2038"]
[PlyCount "56"]
[EventDate "2012.??.??"]
[EventType "swiss"]
[EventRounds "9"]

1. e4 c6 2. Nf3 d5 3. Nc3 dxe4 4. Nxe4 Nf6 5. Nxf6+ exf6 6. d4 Be7 7. Bc4 Nd7
8. O-O O-O 9. a4 Nb6 10. Bb3 Bg4 11. c3 Re8 12. h3 Bh5 13. g4 Bg6 14. Bc2 Qd7
15. Nh4 Bxc2 16. Qxc2 g6 17. f4 c5 18. a5 Nd5 19. Qf2 cxd4 20. cxd4 Rac8 21. f5
g5 22. Nf3 Bd6 23. h4 Bf4 24. hxg5 Rxc1 25. Rfxc1 Be3 26. Rc5 Nf4 27. Kf1 Bxf2
28. Kxf2 Nd3+ 0-1

[Event "Balaguer op"]
[Site "?"]
[Date "2012.06.22"]
[Round "7"]
[White "Puig Carres, J."]
[Black "Solsona Manonelles, J."]
[Result "1-0"]
[WhiteElo "1843"]
[BlackElo "1701"]
[PlyCount "55"]
[EventDate "2012.??.??"]
[EventType "swiss"]
[EventRounds "9"]

1. c4 e5 2. Nc3 Nf6 3. g3 g6 4. Bg2 Bg7 5. d3 d6 6. Nf3 h6 7. O-O O-O 8. Rb1 a5
9. a3 Re8 10. Qc2 Nc6 11. Bd2 Bd7 12. Rbd1 Qc8 13. Rfe1 Re7 14. Rc1 Rb8 15. Nd5
Re8 16. Nxf6+ Bxf6 17. Bxh6 Bf5 18. e4 Bg4 19. Be3 Qd8 20. Qc3 b6 21. b4 axb4
22. axb4 Bxf3 23. Bxf3 Bg5 24. Ra1 Qf6 25. Bg2 Kg7 26. b5 Na5 27. f4 exf4 28.
Bd4 1-0

[Event "Balaguer op"]
[Site "?"]
[Date "2012.06.22"]
[Round "7"]
[White "Ramiro Ovejero, JL."]
[Black "Monfa Escola, R."]
[Result "1-0"]
[WhiteElo "2349"]
[BlackElo "1837"]
[PlyCount "59"]
[EventDate "2012.??.??"]
[EventType "swiss"]
[EventRounds "9"]

1. e4 d6 2. d4 Nf6 3. Nc3 b6 4. f4 e6 5. Nf3 Bb7 6. Bd3 g6 7. O-O Bg7 8. a4 a6
9. Be3 Nbd7 10. Bf2 c5 11. e5 dxe5 12. dxe5 Ng4 13. Be4 Nxf2 14. Rxf2 Qc7 15.
Rd2 Rd8 16. Bxb7 Qxb7 17. Ng5 O-O 18. Nce4 Qc7 19. Nd6 h6 20. Ngxf7 Rxf7 21.
Nxf7 Kxf7 22. Ra3 c4 23. Rg3 h5 24. f5 exf5 25. e6+ Kxe6 26. Rxg6+ Bf6 27. Qxh5
Ne5 28. Rxf6+ Kxf6 29. Qh4+ Ke6 30. Qxd8 1-0

[Event "Balaguer op"]
[Site "?"]
[Date "2012.06.22"]
[Round "7"]
[White "Rodon Balcells, J."]
[Black "Juan Bartroli, P."]
[Result "0-1"]
[WhiteElo "1864"]
[BlackElo "2000"]
[PlyCount "70"]
[EventDate "2012.??.??"]
[EventType "swiss"]
[EventRounds "9"]

1. e4 c5 2. Nf3 Nc6 3. Bb5 e6 4. O-O Nge7 5. e5 a6 6. Bxc6 Nxc6 7. Nc3 d5 8.
exd6 Bxd6 9. Ne4 Be7 10. b3 O-O 11. Bb2 f6 12. d4 cxd4 13. Nxd4 Nxd4 14. Bxd4
Qc7 15. Qe2 e5 16. Bb2 b5 17. Rfd1 Bb7 18. Rd2 Qc6 19. f3 f5 20. Ng3 Bg5 21.
Rdd1 e4 22. fxe4 fxe4 23. Bd4 e3 24. Rf1 Rad8 25. Rxf8+ Rxf8 26. Rf1 Rd8 27.
Nf5 Qe4 28. c3 g6 29. Ng3 Qc6 30. Rd1 b4 31. c4 Bf6 32. Bxf6 Rxd1+ 33. Nf1 Re1
34. Qf3 Qxf3 35. gxf3 e2 0-1

[Event "Balaguer op"]
[Site "?"]
[Date "2012.06.22"]
[Round "7"]
[White "Roeder, M."]
[Black "Obregon Rivero, JC."]
[Result "1/2-1/2"]
[WhiteElo "2434"]
[BlackElo "2485"]
[PlyCount "161"]
[EventDate "2012.??.??"]
[EventType "swiss"]
[EventRounds "9"]

1. Nf3 Nf6 2. c4 e6 3. g3 a6 4. Bg2 b5 5. b3 Bb7 6. O-O c5 7. Nc3 bxc4 8. bxc4
Be7 9. Rb1 Bc6 10. d3 O-O 11. Bd2 d6 12. Qc2 Qc7 13. Rb2 Nbd7 14. Rfb1 Rfb8 15.
Rb3 h6 16. Ne1 Rxb3 17. axb3 Bxg2 18. Kxg2 Ne5 19. Qa2 Qb7+ 20. Kg1 h5 21. f3
Nc6 22. Nc2 Nd7 23. Na4 h4 24. b4 cxb4 25. Nxb4 Rb8 26. Rb2 Qa7+ 27. Kf1 Nce5
28. Nc2 h3 29. d4 Rxb2 30. Nxb2 Nc6 31. Be3 Qb7 32. Nd3 a5 33. Nf2 Nb6 34. Nxh3
d5 35. cxd5 Nxd5 36. Bd2 Qb5 37. Nf2 a4 38. Nd3 Na5 39. Bxa5 Qxa5 40. Qc4 Qd2
41. Qxa4 Qxc2 42. Qe8+ Bf8 43. Ne5 Qc7 44. Nd7 Qd6 45. Ne5 Qe7 46. Qxe7 Nxe7
47. e3 f6 48. Nc4 Nc8 49. Ke2 Kf7 50. h4 Nd6 51. Nd2 Nf5 52. Kf2 Bb4 53. Nf1
Ke7 54. h5 Kf7 55. g4 Nh6 56. Kg3 Be1+ 57. Kg2 Ke7 58. Nh2 Kf7 59. Nf1 g6 60.
hxg6+ Kxg6 61. Nh2 Nf7 62. f4 Bc3 63. Kf3 Nd6 64. Nf1 Bb2 65. Nd2 Ba3 66. e4
Nb5 67. Nb3 Bb2 68. f5+ Kg7 69. e5 fxe5 70. dxe5 exf5 71. gxf5 Bxe5 72. Nc5 Bb2
73. Ne4 Bc1 74. Kg4 Nd4 75. Ng5 Kf6 76. Ne4+ Ke5 77. Nc5 Ba3 78. Nd3+ Kf6 79.
Kf4 Nxf5 80. Ke4 Ng7 81. Nf4 1/2-1/2

[Event "Balaguer op"]
[Site "?"]
[Date "2012.06.22"]
[Round "7"]
[White "Ruiz Sanchez, O."]
[Black "Westerinen, H."]
[Result "1/2-1/2"]
[WhiteElo "2416"]
[BlackElo "2345"]
[PlyCount "47"]
[EventDate "2012.??.??"]
[EventType "swiss"]
[EventRounds "9"]

1. e4 d5 2. exd5 Nf6 3. d4 Nxd5 4. Nf3 Bf5 5. Be2 e6 6. O-O Be7 7. Re1 O-O 8.
c3 c5 9. Qb3 Qb6 10. Na3 Nc6 11. dxc5 Bxc5 12. Qxb6 Nxb6 13. Nc4 Nxc4 14. Bxc4
h6 15. Bf4 Rfd8 16. Rad1 Bc2 17. Rxd8+ Rxd8 18. Rc1 Bf5 19. b4 Bb6 20. Bb3 g5
21. Be3 Bxe3 22. fxe3 Kf8 23. Nd4 Be4 24. Rd1 1/2-1/2

[Event "Balaguer op"]
[Site "?"]
[Date "2012.06.22"]
[Round "7"]
[White "Trepat Herranz, J."]
[Black "Verdes Nadal, R."]
[Result "1-0"]
[WhiteElo "2299"]
[BlackElo "1979"]
[PlyCount "51"]
[EventDate "2012.??.??"]
[EventType "swiss"]
[EventRounds "9"]

1. e4 Nf6 2. e5 Nd5 3. d4 d6 4. Nf3 Bg4 5. exd6 cxd6 6. Be2 Nc6 7. O-O Nb6 8.
a4 d5 9. a5 Nc4 10. a6 b5 11. b3 Nd6 12. Bf4 Rb8 13. h3 Bxf3 14. Bxf3 e6 15. c4
bxc4 16. bxc4 Nxc4 17. Bxb8 Qxb8 18. Nc3 Nb6 19. Na4 Be7 20. Nxb6 Qxb6 21. Qa4
Kd7 22. Rfc1 Rc8 23. Rab1 Bb4 24. Be2 Qxd4 25. Rxc6 Rxc6 26. Bb5 1-0

[Event "Balaguer op"]
[Site "?"]
[Date "2012.06.22"]
[Round "7"]
[White "Turuguet Lopez, JL."]
[Black "Moline Escartin, X."]
[Result "1-0"]
[WhiteElo "1932"]
[BlackElo "1877"]
[PlyCount "97"]
[EventDate "2012.??.??"]
[EventType "swiss"]
[EventRounds "9"]

1. e4 e5 2. Nc3 Nf6 3. d3 Nc6 4. f4 exf4 5. Bxf4 d6 6. Nf3 Bg4 7. Be2 Be7 8.
O-O O-O 9. d4 Re8 10. h3 Bh5 11. e5 dxe5 12. dxe5 Bc5+ 13. Kh1 Nd7 14. e6 Rxe6
15. Ng5 Bxe2 16. Nxe6 Bxd1 17. Nxd8 Bxc2 18. Nxc6 bxc6 19. Rac1 Bg6 20. Rfd1
Nf6 21. Re1 Bb6 22. Na4 c5 23. Nxc5 Rd8 24. b4 Rd4 25. Rcd1 Rxd1 26. Rxd1 Kf8
27. Nd7+ Nxd7 28. Rxd7 c6 29. Bd6+ Ke8 30. Re7+ Kd8 31. Re2 Kd7 32. Bc5 Bxc5
33. bxc5 Bf5 34. Re3 Be6 35. Ra3 Bd5 36. Kg1 Kc7 37. Rxa7+ Kb8 38. Ra4 Kb7 39.
h4 h5 40. Rb4+ Ka7 41. Kf2 g6 42. g3 f5 43. Ke3 Ka6 44. Kf4 Ka5 45. a3 Be4 46.
Kg5 Bf3 47. Kxg6 Bg4 48. Kg5 Ka6 49. Rb6+ 1-0

[Event "Balaguer op"]
[Site "?"]
[Date "2012.06.23"]
[Round "8"]
[White "Aloma Vidal, R."]
[Black "Mellado Triviño, J."]
[Result "1/2-1/2"]
[WhiteElo "2400"]
[BlackElo "2444"]
[PlyCount "27"]
[EventDate "2012.??.??"]
[EventType "swiss"]
[EventRounds "9"]

1. d4 d5 2. c4 dxc4 3. e4 e5 4. Nf3 exd4 5. Bxc4 Nc6 6. O-O Nf6 7. e5 Ne4 8.
Re1 Nc5 9. Bg5 Be7 10. Bxe7 Qxe7 11. Nxd4 Nxd4 12. Qxd4 Be6 13. Bxe6 Nxe6 14.
Qe3 1/2-1/2

[Event "Balaguer op"]
[Site "?"]
[Date "2012.06.23"]
[Round "8"]
[White "Aroshidze, L."]
[Black "Guerra Mendez, JA."]
[Result "1/2-1/2"]
[WhiteElo "2580"]
[BlackElo "2428"]
[PlyCount "46"]
[EventDate "2012.??.??"]
[EventType "swiss"]
[EventRounds "9"]

1. e4 c5 2. Nf3 d6 3. d4 cxd4 4. Nxd4 Nf6 5. Nc3 a6 6. Be3 e5 7. Nb3 Be6 8. f4
exf4 9. Bxf4 Nc6 10. Qe2 Be7 11. h3 Nd7 12. O-O-O Nce5 13. Kb1 O-O 14. g4 Rc8
15. Nd5 Bxd5 16. Rxd5 Qc7 17. Rd1 Nb6 18. h4 Nec4 19. Rh3 Bf6 20. Bc1 Be5 21.
Nd4 Qc5 22. Nb3 Qc7 23. Nd4 Qc5 1/2-1/2

[Event "Balaguer op"]
[Site "?"]
[Date "2012.06.23"]
[Round "8"]
[White "Boyard, M."]
[Black "Ramiro Ovejero, JL."]
[Result "0-1"]
[WhiteElo "2008"]
[BlackElo "2349"]
[PlyCount "82"]
[EventDate "2012.??.??"]
[EventType "swiss"]
[EventRounds "9"]

1. d4 d5 2. Nc3 c6 3. f3 e6 4. e4 Bb4 5. a3 Bxc3+ 6. bxc3 dxe4 7. Bf4 Nf6 8.
fxe4 Qa5 9. e5 Ne4 10. Ne2 O-O 11. Qd3 f5 12. exf6 Nxf6 13. g3 e5 14. Bd2 Qd5
15. Rg1 e4 16. Qe3 Ng4 17. Qg5 Qxg5 18. Bxg5 Nxh2 19. O-O-O Bg4 20. Nf4 b5 21.
Rh1 Bxd1 22. Kxd1 Ng4 23. Ke2 h6 24. Be7 Rf7 25. Bc5 Nd7 26. Bh3 Ndf6 27. d5
cxd5 28. Nxd5 Nxd5 29. Bxg4 Nxc3+ 30. Kd2 Rc7 31. Be6+ Kh7 32. Bd4 Rd8 33. Ke3
Nd5+ 34. Bxd5 Rxd5 35. Kxe4 Rg5 36. c3 Rxg3 37. Rb1 a6 38. a4 bxa4 39. Rb4 a5
40. Rxa4 Rcxc3 41. Bxc3 Rg4+ 0-1

[Event "Balaguer op"]
[Site "?"]
[Date "2012.06.23"]
[Round "8"]
[White "Cori Tello, D."]
[Black "Janev, E."]
[Result "1/2-1/2"]
[WhiteElo "2386"]
[BlackElo "2453"]
[PlyCount "136"]
[EventDate "2012.??.??"]
[EventType "swiss"]
[EventRounds "9"]

1. d4 d6 2. Nf3 Nf6 3. c4 g6 4. g3 Bg7 5. Bg2 c6 6. Nc3 O-O 7. O-O Qa5 8. d5
Qa6 9. Qb3 Nbd7 10. Be3 Ng4 11. Bd4 Bxd4 12. Nxd4 c5 13. Nc2 Nb6 14. Nb5 Qa5
15. f4 Bd7 16. a4 a6 17. Nc3 f5 18. Rfd1 Nf6 19. Bf3 Rad8 20. Ne3 Rfe8 21. Rd3
e5 22. dxe6 Bxe6 23. Rad1 Qb4 24. Qxb4 cxb4 25. Rxd6 Rxd6 26. Rxd6 Nc8 27. Ncd5
Bxd5 28. Nxd5 Nxd6 29. Nxf6+ Kf8 30. Nxe8 Nxc4 31. Nc7 Nxb2 32. Bxb7 a5 33.
Ne6+ Ke7 34. Nc5 Kd6 35. Nb3 Kc7 36. Nxa5 Kb6 37. Nc6 Kxb7 38. Nxb4 Nxa4 39.
Nd5 Kc6 40. Nf6 h5 41. Nh7 Nc3 42. Nf8 h4 43. Nxg6 Nxe2+ 44. Kf2 hxg3+ 45. hxg3
Nd4 46. Ke3 Kd5 47. Ne7+ Kc4 48. Nc8 Nc2+ 49. Kd2 Nd4 50. Nd6+ Kd5 51. Kd3 Kc5
52. Nc4 Ne6 53. Ne3 Nd4 54. Nc2 Ne6 55. Ke3 Kc4 56. Ne1 Kd5 57. Nf3 Kc4 58.
Ne5+ Kd5 59. Ng6 Ng7 60. Kf3 Ke6 61. Kg2 Kd5 62. Kh3 Ke4 63. Kh4 Ne6 64. Kh5
Kf3 65. Kh4 Ke4 66. Kh3 Kf3 67. Kh2 Ke4 68. Kg2 Ke3 1/2-1/2

[Event "Balaguer op"]
[Site "?"]
[Date "2012.06.23"]
[Round "8"]
[White "Cori Tello, J."]
[Black "Del Rey Santos, D."]
[Result "1-0"]
[WhiteElo "2479"]
[BlackElo "2391"]
[PlyCount "97"]
[EventDate "2012.??.??"]
[EventType "swiss"]
[EventRounds "9"]

1. d4 d5 2. c4 c6 3. e3 Nf6 4. Nf3 Bg4 5. Qb3 Qb6 6. Ne5 Qxb3 7. axb3 Nbd7 8.
Nxg4 Nxg4 9. cxd5 cxd5 10. Nc3 e6 11. f3 Ngf6 12. Nb5 Bb4+ 13. Bd2 Bxd2+ 14.
Kxd2 Ke7 15. Nxa7 Rhd8 16. Bd3 Ne8 17. Rhc1 f5 18. h4 Rab8 19. g4 fxg4 20. fxg4
h6 21. Nb5 g5 22. hxg5 hxg5 23. e4 dxe4 24. Bxe4 Ne5 25. Rc5 Nxg4 26. Rxg5 Ngf6
27. Bf3 Nd6 28. Nxd6 Rxd6 29. Kc3 Nd5+ 30. Bxd5 Rxd5 31. Rxd5 exd5 32. Kb4 Kd6
33. Rh1 Rf8 34. Rh6+ Kc7 35. Kc5 Rf2 36. Rh7+ Kc8 37. Kxd5 Rxb2 38. Kd6 Kb8 39.
Rh3 Rc2 40. d5 b5 41. Kd7 Kb7 42. d6 Rg2 43. Ke7 Re2+ 44. Kd8 b4 45. d7 Rg2 46.
Rh4 Rg8+ 47. Ke7 Rg7+ 48. Ke8 Rg8+ 49. Kf7 1-0